000 00399nam a2200157Ia 4500
008 210719s1996 xx 000 0 und d
041 _aeng
082 _a230 PRES
100 _aPRESENCE SERIES
245 _aSpace for God prayer today.
260 _aBangalore
_bThe Movement for a Better World
_c1996
300 _a99
_bPB
365 _cRs
650 _aChristianity
906 _aValue Education
999 _c212611
_d212611